• 首页
  • 本馆介绍
  • 公告通知
  • 最新文献
  • 馆藏检索
  • 电子资源
  • 读者导购
  • 参考咨询
  • 我的图书馆
  • 登录
  • 详细信息显示
  • 放入我的书架
  • 预约/预借图书
  • 作者相关作品
  • 分类相关作品
  • 丛书相关作品
  • 出版社相关作品

书目信息

  • 表格格式
  • 工作单格式
  • 卡片格式
题名:
鬼谷子
    
 
作者: 马良 , 唐容 编著
分册:  
出版信息: 北京   民主与建设出版社有限责任公司  2020.04
页数: 152页
开本: 21cm
丛书名:
单 册:
中图分类: B228.02
科图分类:
主题词: 纵横家
电子资源:
ISBN: 978-7-5139-2851-9
000 00806nam0 2200265 45
001 012001000905
005 20140201093039.0
010    @a978-7-5139-2851-9@dCNY25.60
100    @a20220905d2020 em y0chiy50 ea
101 0  @achi
102    @aCN@b110000
105    @ay z 000yy
106    @ar
200 1  @a鬼谷子@Agui gu zi@f马良,唐容编著
210    @a北京@c民主与建设出版社有限责任公司@d2020.04
215    @a152页@d21cm
300    @a成功大智慧
330    @a本书包括《鬼谷子》和《本经阴符七术》原文、注释、译文,还包括并讲了相关历史故事,对广大读者具有深刻的启迪作用。
605    @a《鬼谷子》@j通俗读物
606 0  @a纵横家
690    @aB228.02@v5
701  0 @a马良@Ama liang@4编著
701  0 @a唐容@Atang rong@4编著
801  0 @aCN@bAHXH@c20221111
905    @b1365307-10@dB228.02@e1030@f4
    
    鬼谷子/马良,唐容编著.-北京:民主与建设出版社有限责任公司,2020.04
    152页;21cm
    成功大智慧
    
    ISBN 978-7-5139-2851-9:CNY25.60
    本书包括《鬼谷子》和《本经阴符七术》原文、注释、译文,还包括并讲了相关历史故事,对广大读者具有深刻的启迪作用。
●
相关链接 在E读中查询图书 在五车中查询图书 在当当中查询图书 在豆瓣中查询图书


正题名:鬼谷子     索取号:B228.02/1030         预约/预借

序号 登录号 条形码 馆藏地/架位号 状态 备注
1 1365307   213653072   第一样本阅览室/ [索取号:B228.02/1030] 在馆    
2 1365308   213653081   教育系资料室/ [索取号:B228.02/1030] 在馆    
3 1365309   213653090   教育系资料室/ [索取号:B228.02/1030] 在馆    
4 1365310   213653107   第一借阅区/ [索取号:B228.02/1030] 在馆    
唐山师范学院图书馆 欢迎您!
大连网信软件有限公司© 版权所有